Normal view MARC view
  • Pynchon, Thomas

Entry Personal Name

Number of records used in: 6

001 - CONTROL NUMBER

  • control field: 153650

003 - CONTROL NUMBER IDENTIFIER

  • control field: DLC

005 - DATE AND TIME OF LATEST TRANSACTION

  • control field: 20260414131023.0

008 - FIXED-LENGTH DATA ELEMENTS

  • fixed length control field: 790906n| azannaabn |a aaa

010 ## - LIBRARY OF CONGRESS CONTROL NUMBER

  • LC control number: n 79099184

035 ## - SYSTEM CONTROL NUMBER

  • System control number: (OCoLC)oca00331332

040 ## - CATALOGING SOURCE

  • Original cataloging agency: DLC
  • Language of cataloging: eng
  • Description conventions: rda
  • Transcribing agency: DLC
  • Modifying agency: DLC
  • Modifying agency: OCl
  • Modifying agency: OCoLC
  • Modifying agency: DLC
  • Modifying agency: IlMpPL
  • Modifying agency: MdRoLAC
  • Modifying agency: ScU

046 ## - SPECIAL CODED DATES

  • Birth date: 1937-05-08
  • Source of date scheme: edtf

053 #0 - LC CLASSIFICATION NUMBER

  • Classification number element--single number or beginning number of span: PS3566.Y55

100 1# - HEADING--PERSONAL NAME

  • Personal name: Pynchon, Thomas

370 ## - ASSOCIATED PLACE

  • Place of birth: Glen Cove (N.Y.)
  • Source of term: naf

372 ## - FIELD OF ACTIVITY

  • Field of activity: Fiction
  • Field of activity: Short stories
  • Source of term: lcsh

374 ## - OCCUPATION

  • Occupation: Authors
  • Occupation: Novelists
  • Source of term: lcsh

377 ## - ASSOCIATED LANGUAGE

  • Language code: eng

400 1# - SEE FROM TRACING--PERSONAL NAME

  • Personal name: Pinchon, Tomas

670 ## - SOURCE DATA FOUND

  • Source citation: Author's V., a novel, 1963.

670 ## - SOURCE DATA FOUND

  • Source citation: V., 2000:
  • Information found: t.p. (Tomas Pinchon)

670 ## - SOURCE DATA FOUND

  • Source citation: Biog. resource center (Contemp. authors), Sept. 29, 2006
  • Information found: (Thomas (Ruggles) Pynchon, Jr.; b. May 8, 1937, Glen Cove, N.Y.; writer)
Devinim Yazılım Eğitim Danışmanlık tarafından Koha'nın orjinal sürümü uyarlanarak geliştirilip kurulmuştur.